An elementary course on the continuum theory for nematic liquid crystals / (Record no. 5303)

MARC details
000 -LEADER
fixed length control field 01099nac a22003131i 4500
003 - CONTROL NUMBER IDENTIFIER
control field ScBUE
005 - DATE AND TIME OF LATEST TRANSACTION
control field 20250528092234.0
008 - FIXED-LENGTH DATA ELEMENTS--GENERAL INFORMATION
fixed length control field 250417t2001 si a f b 001 0 eng d
020 ## - INTERNATIONAL STANDARD BOOK NUMBER
International Standard Book Number 9810232241
020 ## - INTERNATIONAL STANDARD BOOK NUMBER
International Standard Book Number 9789810232245
035 ## - SYSTEM CONTROL NUMBER
System control number (OCoLC)ocm46380608
040 ## - CATALOGING SOURCE
Original cataloging agency ScBUE
Language of cataloging eng
Description conventions rda
Transcribing agency ScBUE
Modifying agency ScBUE
082 04 - DEWEY DECIMAL CLASSIFICATION NUMBER
Classification number 530.429
Item number BAR
Edition number 22
100 1# - MAIN ENTRY--PERSONAL NAME
Personal name Barbero, G.,
Relator term author.
245 13 - TITLE STATEMENT
Title An elementary course on the continuum theory for nematic liquid crystals /
Statement of responsibility, etc G. Barbero, Politecnico di Torino, Italy, L. R. Evangelista, Universidade estadul de Marinagá, Brazil.
264 #1 - PUBLICATION, DISTRIBUTION, ETC. (IMPRINT)
Place of publication, distribution, etc Singapore :
Name of publisher, distributor, etc World Scientific,
Date of publication, distribution, etc [2001]
264 #4 - PUBLICATION, DISTRIBUTION, ETC. (IMPRINT)
Date of publication, distribution, etc c2001
300 ## - PHYSICAL DESCRIPTION
Extent xv, 367 pages :
Other physical details illustrations ;
Dimensions 23 cm.
336 ## - CONTENT TYPE
Source rdacontent
Content type term text
Content type code txt
337 ## - MEDIA TYPE
Media type term unmediated
Source rdamedia
Media type code n
338 ## - CARRIER TYPE
Carrier type term volume
Carrier type code nc
Source rdacarrier
490 0# - SERIES STATEMENT
Series statement Series on liquid crystals ;
Volume number/sequential designation volume 3
504 ## - BIBLIOGRAPHY, ETC. NOTE
Bibliography, etc Includes bibliographical references and index.
650 #7 - SUBJECT ADDED ENTRY--TOPICAL TERM
Topical term or geographic name as entry element Liquid crystals.
Source of heading or term BUEsh
650 #7 - SUBJECT ADDED ENTRY--TOPICAL TERM
Topical term or geographic name as entry element Elasticity.
Source of heading or term BUEsh
655 ## - INDEX TERM--GENRE/FORM
Form subdivision Reading book
700 1# - ADDED ENTRY--PERSONAL NAME
Personal name Evangelista, L. R.,
Relator term author.
942 ## - ADDED ENTRY ELEMENTS (KOHA)
Koha item type Book - Borrowing
Source of classification or shelving scheme Dewey Decimal Classification
Holdings
Withdrawn status Lost status Source of classification or shelving scheme Damaged status Not for loan Collection code Home library Current library Shelving location Date acquired Source of acquisition Total Checkouts Total Renewals Full call number Barcode Date last seen Date checked out Price effective from Koha item type
    Dewey Decimal Classification     Alahram Central Library Central Library First floor 23/10/2007 Purchase 1 1 530.429 BAR 000006758 15/07/2025 08/10/2014 23/10/2007 Book - Borrowing